Tucholsky : ein Lesebuch für unsere Zeit /

Hlavní autor: Tucholsky, Kurt, 1890-1935
Další autoři: Victor, Walther, 1895-1971
Jazyk: Němčina
Vydáno: Weimar : Volksverlag, 1962
Edice: Lesebücher für unsere Zeit
Fyzický popis: 403 s.
Knihy
Uloženo v:
LEADER 00755nam a22002292a 4500
001 001376702
003 CZ BrMZK
005 20140401124500.0
007 ta
008 140326s1962 gw er|||||||||||ger d
040 |a BOA001  |b cze 
100 1 |a Tucholsky, Kurt,  |d 1890-1935  |7 jn19990008639  |4 aut 
245 1 0 |a Tucholsky :  |b ein Lesebuch für unsere Zeit /  |c herausgegeen von Walther Victor 
260 |a Weimar :  |b Volksverlag,  |c 1962 
300 |a 403 s. 
490 1 |a Lesebücher für unsere Zeit 
700 1 |a Victor, Walther,  |d 1895-1971  |7 xx0037698  |4 edt 
830 0 |a Lesebücher für unsere Zeit 
910 |a BOA001  |b 2-0485.177 
990 |a BK 
991 |b 201403 
996 7 |b 2619059176  |c 2-0485.177  |l MZK  |r Sklad / do 24 hodin  |n 0  |w 001411712  |u 000010  |a 1  |e BOA001  |j MZK50  |s A